[Event "Aimchess Meltwater Champions"]
[Site "chess24.com INT"]
[Date "2022.10.15"]
[Round "5.6"]
[White "Arjun Erigaisi"]
[Black "Nils Grandelius"]
[Result "1-0"]
[EventDate "2022.10.14"]
[WhiteElo "2728"]
[BlackElo "2651"]
[PlyCount "132"]

1. b3 d5 2. Bb2 c5 3. e3 Nf6 4. Nf3 g6 5. Bb5+ Bd7 6. Bxf6 exf6 7. Bxd7+ Qxd7 8. O-O Nc6 9. d4 O-O-O 10. Nc3 h5 11. dxc5 Bxc5 12. Qe2 Qe6 13. Qb5 Bd6 14. Rad1 a6 15. Qd3 Ne7 16. Nd4 Qd7 17. Nce2 Qc7 18. h3 Kb8 19. b4 Qc4 20. b5 Qxd3 21. Rxd3 Rd7 22. Rb1 Ka7 23. Kf1 Rc8 24. Ke1 Rc4 25. Rdb3 a5 26. Kd2 Kb6 27. a3 Rdc7 28. Rd3 Bc5 29. Rb2 f5 30. Nf3 Bd6 31. Kd1 Ng8 32. Nd2 R4c5 33. a4 Nf6 34. f3 Be5 35. Ra2 Re7 36. c3 Rc8 37. Kc2 Bd6 38. Ra1 Rce8 39. Nc4+ Kc7 40. b6+ Kd7 41. Nxa5 Rxe3 42. Nd4 Rxd3 43. Kxd3 Bc5 44. Nxb7 Bxb6 45. a5 Ba7 46. Nb5 Bf2 47. a6 Kc6 48. N5d6 Ra8 49. Nxf7 Nd7 50. c4 Bb6 51. Na5+ Bxa5 52. Rxa5 Nc5+ 53. Kc3 d4+ 54. Kc2 Rxa6 55. Ne5+ Kd6 56. Rxa6+ Nxa6 57. Nxg6 Nc5 58. Nf4 h4 59. Ng6 Ke6 60. Nxh4 Kf6 61. f4 Ne6 62. Kd3 Nxf4+ 63. Kxd4 Kg5 64. Ke3 Ne6 65. Nf3+ Kh5 66. Nd4 1-0

[Event "Aimchess Meltwater Champions"]
[Site "chess24.com INT"]
[Date "2022.10.15"]
[Round "6.4"]
[White "Daniel Naroditsky"]
[Black "Arjun Erigaisi"]
[Result "0-1"]
[EventDate "2022.10.14"]
[WhiteElo "2617"]
[BlackElo "2728"]
[PlyCount "116"]

1. e4 c5 2. Nf3 e6 3. c3 d5 4. exd5 Qxd5 5. d4 Nc6 6. Be3 cxd4 7. cxd4 Bb4+ 8. Nc3 Nf6 9. Bd3 Qa5 10. O-O Bxc3 11. bxc3 Qxc3 12. Rc1 Qa3 13. d5 Nxd5 14. Bc5 Qa5 15. Be4 Qd8 16. Re1 Nde7 17. Qa4 Bd7 18. Qa3 O-O 19. Ne5 Re8 20. Bxh7+ Kxh7 21. Nxf7 Qc7 22. Bxe7 Qf4 23. Ne5 Nxe5 24. Bd6 Nf3+ 25. gxf3 Qg5+ 26. Bg3 Bc6 27. Qe3 Qf5 28. Kg2 Rf8 29. Rc3 Rad8 30. h4 Qh5 31. Qg5 Bxf3+ 32. Kh2 Qxg5 33. hxg5 Bd5 34. a3 Kg6 35. Kh3 Rc8 36. Rxc8 Rxc8 37. Kg4 Rc4+ 38. Bf4 b5 39. Re3 a5 40. Kg3 Rc2 41. Be5 b4 42. axb4 axb4 43. f4 Kf5 44. Bxg7 Rg2+ 45. Kh3 Kxf4 46. Rd3 Rg1 47. Rd4+ Be4 48. Rd2 Kxg5 49. Kh2 Rf1 50. Rd4 Kf4 51. Bh6+ Kf5 52. Kg3 b3 53. Rb4 Rf3+ 54. Kh2 Rf2+ 55. Kg3 Rg2+ 56. Kh3 b2 57. Rb5+ e5 58. Bg7 Rxg7 0-1

[Event "Aimchess Meltwater Champions"]
[Site "chess24.com INT"]
[Date "2022.10.15"]
[Round "7.5"]
[White "Arjun Erigaisi"]
[Black "Magnus Carlsen"]
[Result "1-0"]
[EventDate "2022.10.14"]
[WhiteElo "2728"]
[BlackElo "2856"]
[PlyCount "108"]

1. d4 g6 2. e4 d6 3. Nc3 Bg7 4. Be3 a6 5. Qd2 b5 6. O-O-O b4 7. Nd5 a5 8. h4 h6 9. f3 Nd7 10. g4 e6 11. Nf4 Ne7 12. Kb1 Bb7 13. Nge2 d5 14. Ng3 Nb6 15. Qe1 Nc4 16. Bc1 Qd6 17. Rh2 O-O-O 18. e5 Qb6 19. c3 Nc6 20. Ka1 a4 21. Nd3 Bf8 22. f4 Ba6 23. f5 bxc3 24. bxc3 Kd7 25. fxe6+ fxe6 26. Qf2 Rb8 27. Qf7+ Be7 28. Nc5+ Kd8 29. Qxg6 N6xe5 30. Nxe6+ Kd7 31. dxe5 Qxe6 32. Qe4 Kc6 33. Qf5 Qxf5 34. Nxf5 Bc5 35. Bxh6 a3 36. Bxc4 Bxc4 37. e6 Rhe8 38. Re1 Bd3 39. Nd4+ Bxd4 40. cxd4 Rb4 41. Rh3 Be4 42. Rxa3 Rxe6 43. Bf4 Rxd4 44. Rc1+ Rc4 45. Rxc4+ dxc4 46. Ra6+ Kd5 47. Rxe6 Kxe6 48. Kb2 Bf3 49. g5 c5 50. Kc3 Kd5 51. g6 Ke6 52. g7 Kf7 53. Be5 Bd5 54. h5 1-0

[Event "Aimchess Meltwater Champions"]
[Site "chess24.com INT"]
[Date "2022.10.15"]
[Round "8.5"]
[White "Jan-Krzysztof Duda"]
[Black "Arjun Erigaisi"]
[Result "1/2-1/2"]
[EventDate "2022.10.14"]
[WhiteElo "2731"]
[BlackElo "2728"]
[PlyCount "90"]

1. d4 d5 2. c4 c6 3. Nf3 Nf6 4. e3 Bg4 5. h3 Bxf3 6. Qxf3 e6 7. a3 Nbd7 8. Nc3 Be7 9. Bd2 O-O 10. g4 dxc4 11. Bxc4 e5 12. g5 exd4 13. exd4 Ne8 14. h4 Nb6 15. Ba2 Nd6 16. O-O-O Nbc4 17. Bf4 b5 18. Rhe1 a5 19. d5 c5 20. Bxc4 bxc4 21. Qg4 Rb8 22. Rd2 Rb7 23. h5 g6 24. hxg6 fxg6 25. Qe6+ Rf7 26. Be5 Nf5 27. Ne4 Nd4 28. Nf6+ Bxf6 29. Bxf6 Nxe6 30. dxe6 Qb6 31. exf7+ Kxf7 32. Bc3 a4 33. Red1 Qe6 34. Rd6 Qg4 35. Rf6+ Ke8 36. f4 Rf7 37. Re1+ Kf8 38. Rfe6 Qxf4+ 39. Kb1 Kg8 40. R6e5 Rf5 41. Re8+ Rf8 42. R8e7 Rf7 43. Re8+ Rf8 44. R8e7 Rf7 45. Re8+ Rf8 1/2-1/2

[Event "Aimchess Meltwater Champions"]
[Site "chess24.com INT"]
[Date "2022.10.14"]
[Round "2.2"]
[White "D Gukesh"]
[Black "Arjun Erigaisi"]
[Result "1/2-1/2"]
[EventDate "2022.10.14"]
[WhiteElo "2732"]
[BlackElo "2728"]
[PlyCount "34"]

1. Nf3 c5 2. c4 Nc6 3. Nc3 Nf6 4. e3 e5 5. d4 e4 6. Ne5 h5 7. g3 Qe7 8. Bg2 Nxe5 9. dxe5 Qxe5 10. Qc2 d5 11. cxd5 Bf5 12. Qa4+ Bd7 13. Qc4 Bf5 14. Qb5+ Bd7 15. Qc4 Bf5 16. Qb5+ Bd7 17. Qc4 1/2-1/2

[Event "Aimchess Meltwater Champions"]
[Site "chess24.com INT"]
[Date "2022.10.14"]
[Round "1.8"]
[White "Arjun Erigaisi"]
[Black "Santosh Gujrathi Vidit"]
[Result "0-1"]
[EventDate "2022.10.14"]
[WhiteElo "2728"]
[BlackElo "2710"]
[PlyCount "74"]

1. b3 d5 2. Bb2 Nf6 3. Nf3 Bf5 4. e3 h6 5. Bxf6 exf6 6. d4 Bd6 7. Bd3 Be6 8. c4 c6 9. Nc3 O-O 10. O-O Nd7 11. Qc2 a6 12. Bh7+ Kh8 13. Bf5 Qe7 14. Nd2 Bb4 15. Bxe6 Qxe6 16. a3 Bxc3 17. Qxc3 f5 18. cxd5 Qxd5 19. Nc4 Rfe8 20. Rfd1 Kg8 21. Rac1 Re6 22. Qa5 b5 23. Nd2 Rg6 24. g3 h5 25. h4 Re8 26. Qc7 Rge6 27. Qf4 g6 28. b4 Nf6 29. Rc2 Ne4 30. Nxe4 Rxe4 31. Qc7 f4 32. gxf4 Qf5 33. Rdd2 Qg4+ 34. Kf1 Qf3 35. Qxc6 R8e6 36. Qa8+ Re8 37. Rc8 Qh3+ 0-1

[Event "Aimchess Meltwater Champions"]
[Site "chess24.com INT"]
[Date "2022.10.14"]
[Round "3.7"]
[White "Arjun Erigaisi"]
[Black "Pentala Harikrishna"]
[Result "1-0"]
[EventDate "2022.10.14"]
[WhiteElo "2728"]
[BlackElo "2717"]
[PlyCount "50"]

1. d4 Nf6 2. Nc3 d6 3. e4 e5 4. Nf3 Nbd7 5. Bc4 Be7 6. O-O O-O 7. h3 c6 8. a4 b6 9. Be3 Bb7 10. Bb3 a6 11. Nh4 exd4 12. Bxd4 g6 13. Nf3 c5 14. Bxf6 Bxf6 15. Qxd6 Bxc3 16. bxc3 Bxe4 17. Nh2 Ra7 18. Rad1 c4 19. Bxc4 Qg5 20. Ng4 h5 21. Ne3 Ne5 22. Be2 Qf4 23. Rd4 Rc8 24. Qxb6 Rac7 25. Nd5 1-0

[Event "Aimchess Meltwater Champions"]
[Site "chess24.com INT"]
[Date "2022.10.14"]
[Round "4.3"]
[White "Nodirbek Abdusattorov"]
[Black "Arjun Erigaisi"]
[Result "1/2-1/2"]
[EventDate "2022.10.14"]
[WhiteElo "2713"]
[BlackElo "2728"]
[PlyCount "120"]

1. d4 Nf6 2. c4 g6 3. g3 Bg7 4. Bg2 O-O 5. Nc3 Nc6 6. Nf3 d5 7. cxd5 Nxd5 8. O-O Nb6 9. d5 Na5 10. e4 c6 11. Bf4 cxd5 12. exd5 Bxc3 13. bxc3 Qxd5 14. Nd4 Qc5 15. Re1 Bd7 16. Re5 Qa3 17. Qc1 Qxc1+ 18. Rxc1 Nc6 19. Nxc6 Bxc6 20. Bxc6 bxc6 21. Rxe7 Nd5 22. Re4 Rfe8 23. Rc4 Nxf4 24. Rxf4 Re2 25. a4 Rae8 26. Rd1 Re1+ 27. Rxe1 Rxe1+ 28. Kg2 Re5 29. Rc4 c5 30. Kf3 f5 31. a5 Kf7 32. Ra4 Re8 33. Ra2 Rb8 34. Ke3 Ke6 35. Kd3 Kd5 36. c4+ Kc6 37. Kc3 Re8 38. Rb2 Re1 39. Rb8 Ra1 40. Rc8+ Kd6 41. Rd8+ Ke6 42. Re8+ Kf6 43. f4 Rxa5 44. Kb3 Kg7 45. Re7+ Kh6 46. Rc7 Kh5 47. Rxh7+ Kg4 48. Rc7 Kh3 49. Rc6 Kxh2 50. Rxg6 Kg2 51. Rg5 Kf3 52. Rxf5 Kxg3 53. Rf7 Kf3 54. f5 Ke4 55. f6 Ke5 56. Rf8 Ke6 57. Kb2 Ra4 58. Kb3 Ra5 59. Kb2 Ra4 60. Kb3 Ra5 1/2-1/2

[Event "37th European Chess Club Cup"]
[Site "Mayrhofen AUT"]
[Date "2022.10.08"]
[Round "6.7"]
[White "Arjun Erigaisi"]
[Black "Christian Bauer"]
[Result "1/2-1/2"]
[EventDate "2022.10.03"]
[WhiteElo "2728"]
[BlackElo "2616"]
[PlyCount "116"]

1. d4 Nf6 2. c4 e6 3. Nc3 Bb4 4. f3 c5 5. d5 b5 6. e4 d6 7. a3 Bxc3+ 8. bxc3 bxc4 9. Bxc4 Qa5 10. Ne2 Ba6 11. Bxa6 Qxa6 12. dxe6 fxe6 13. O-O Nbd7 14. Nf4 Kf7 15. Nd3 Rhe8 16. Bf4 Kg8 17. Qc2 Rab8 18. c4 e5 19. Bg5 Rb6 20. a4 Reb8 21. Ra3 Qb7 22. a5 Rb1 23. Nc1 Qb2 24. Qd3 Qd4+ 25. Be3 Qxd3 26. Rxd3 Ne8 27. Ne2 R1b4 28. Rc1 Ra4 29. Bd2 Nf8 30. Be1 Ne6 31. Rdd1 Rb2 32. Kf1 Nd4 33. Bc3 Nxe2 34. Bxb2 Nxc1 35. Rxc1 Rxa5 36. Bc3 Ra4 37. Bd2 Nf6 38. Bg5 Kf7 39. Bxf6 gxf6 40. Rb1 Rxc4 41. Rb7+ Kg6 42. Rxa7 h5 43. Rd7 Rd4 44. Ke2 f5 45. Ke3 h4 46. Re7 Kf6 47. Rh7 c4 48. Rc7 Ke6 49. g3 h3 50. Rh7 d5 51. Rh6+ Kd7 52. exd5 Rxd5 53. Rxh3 c3 54. Rh7+ Kc6 55. Rh8 Kd7 56. Rh7+ Kc6 57. Rh8 Kd7 58. Rh7+ 1/2-1/2

[Event "37th European Chess Club Cup"]
[Site "Mayrhofen AUT"]
[Date "2022.10.07"]
[Round "5.3"]
[White "Arjun Erigaisi"]
[Black "Shakhriyar Mamedyarov"]
[Result "1/2-1/2"]
[EventDate "2022.10.03"]
[WhiteElo "2728"]
[BlackElo "2747"]
[PlyCount "68"]

1. d4 Nf6 2. c4 e6 3. g3 d5 4. Bg2 Be7 5. Nf3 O-O 6. Nc3 Nbd7 7. O-O dxc4 8. e4 c5 9. d5 exd5 10. e5 Ng4 11. Qxd5 Nb6 12. Qe4 Qd3 13. h3 Qxe4 14. Nxe4 f5 15. Nc3 Nh6 16. a4 Be6 17. Bg5 Rae8 18. Bxe7 Rxe7 19. Ng5 a5 20. f4 Nf7 21. Nxe6 Rxe6 22. Rfd1 g5 23. Kf2 gxf4 24. gxf4 Nd8 25. Nd5 Kh8 26. Nf6 Nc6 27. Bxc6 bxc6 28. Rd2 Rb8 29. Rg1 Nd5 30. Nxd5 cxd5 31. Rxd5 Rxb2+ 32. Ke3 Re8 33. Rxc5 Rd8 34. Rxc4 Rb3+ 1/2-1/2

[Event "37th European Chess Club Cup"]
[Site "Mayrhofen AUT"]
[Date "2022.10.06"]
[Round "4.3"]
[White "Anton Korobov"]
[Black "Arjun Erigaisi"]
[Result "1-0"]
[EventDate "2022.10.03"]
[WhiteElo "2672"]
[BlackElo "2728"]
[PlyCount "128"]

1. c4 e5 2. d3 Nf6 3. Nf3 Nc6 4. a3 d5 5. cxd5 Nxd5 6. e3 g5 7. b4 a6 8. Bb2 Bg7 9. Be2 f5 10. Nfd2 O-O 11. Nc3 Be6 12. Rc1 Nxc3 13. Rxc3 Ne7 14. e4 Ng6 15. exf5 Bxf5 16. g3 Bh3 17. Ne4 c6 18. Bf1 Bxf1 19. Kxf1 h6 20. Kg2 Qd7 21. h3 Rad8 22. Qg4 Rf7 23. Bc1 Ne7 24. Qxd7 Rxd7 25. Nc5 Rd5 26. h4 gxh4 27. Rxh4 Nf5 28. Rh5 Kh7 29. Ne6 Rf6 30. Nc7 Rd7 31. Ne8 Re6 32. Nxg7 Nxg7 33. Rh3 Nf5 34. Rh5 Ng7 35. Rh3 Nf5 36. Rc4 Rd5 37. Re4 Nd6 38. Re3 Nf7 39. Kf1 c5 40. Rh4 Nd6 41. Rh5 cxb4 42. axb4 a5 43. bxa5 Rxa5 44. Bb2 Nf7 45. d4 exd4 46. Rxe6 Rxh5 47. Rf6 Kg8 48. Bxd4 b5 49. Ke2 Kf8 50. f4 Ke7 51. f5 Nd6 52. g4 Rg5 53. Rxh6 Kd7 54. Rh7+ Ke8 55. Rg7 Rxg7 56. Bxg7 Kf7 57. Be5 Nc4 58. Bd4 b4 59. g5 b3 60. g6+ Ke8 61. Kd3 b2 62. Kc2 Nd6 63. f6 Nf5 64. f7+ 1-0

[Event "37th European Chess Club Cup"]
[Site "Mayrhofen AUT"]
[Date "2022.10.05"]
[Round "3.4"]
[White "Arjun Erigaisi"]
[Black "M Amin Tabatabaei"]
[Result "1-0"]
[EventDate "2022.10.03"]
[WhiteElo "2728"]
[BlackElo "2657"]
[PlyCount "152"]

1. d4 d5 2. c4 c6 3. Nf3 Nf6 4. cxd5 cxd5 5. Nc3 Nc6 6. Bf4 Bf5 7. Qb3 Na5 8. Qa4+ Bd7 9. Qc2 e6 10. e3 Rc8 11. Bd3 Bb4 12. O-O h6 13. h3 O-O 14. Rfc1 a6 15. Qe2 Bxc3 16. bxc3 Nc4 17. a4 b5 18. Ne5 Nxe5 19. Bxe5 bxa4 20. Bxa6 Ra8 21. Bd3 Qe7 22. Rcb1 Ra7 23. Bc2 Rc8 24. Qd3 g6 25. f3 a3 26. Qd2 Ba4 27. Bd3 Nd7 28. Bf4 e5 29. Bxh6 Bc6 30. dxe5 Nxe5 31. Be2 Qc5 32. Bg5 Kg7 33. Qd4 Qxd4 34. cxd4 Nc4 35. e4 f6 36. Bc1 Ra4 37. Bxc4 Rxc4 38. e5 Rxd4 39. Rxa3 fxe5 40. Bb2 Ra4 41. Bxe5+ Kf7 42. Rd3 Ra2 43. Rb6 Ke6 44. f4 g5 45. Rc3 gxf4 46. Bxf4 Kd7 47. Rg3 Re2 48. Ra6 Ke6 49. Rc3 Kd7 50. Rg3 Ke6 51. Be3 Ke5 52. h4 d4 53. Bf2 Rd2 54. Ra5+ Ke6 55. Rg6+ Kf7 56. h5 Be4 57. Ra7+ Kf8 58. Rf6+ Kg8 59. h6 d3 60. Rf4 Rxf2 61. Rxf2 Rd8 62. Rd2 Rd6 63. Re7 Bh7 64. Kf2 Rxh6 65. Rb2 Rf6+ 66. Ke3 Kh8 67. g4 Rh6 68. Re8+ Bg8 69. Kxd3 Rg6 70. Rb4 Kg7 71. Ke3 Kh6 72. Kf4 Bh7 73. Rb7 Ra6 74. Rh8 Ra4+ 75. Kg3 Rxg4+ 76. Kxg4 1-0

[Event "37th European Chess Club Cup"]
[Site "Mayrhofen AUT"]
[Date "2022.10.04"]
[Round "2.4"]
[White "Gudmundur Kjartansson"]
[Black "Arjun Erigaisi"]
[Result "1/2-1/2"]
[EventDate "2022.10.03"]
[WhiteElo "2456"]
[BlackElo "2728"]
[PlyCount "134"]

1. c4 e5 2. g3 Nf6 3. Bg2 Bc5 4. Nc3 c6 5. e3 Bb6 6. d4 exd4 7. exd4 O-O 8. Nge2 d6 9. O-O Re8 10. Bf4 Be6 11. Qd3 Na6 12. a3 Qd7 13. Rfe1 d5 14. c5 Bd8 15. b4 Nc7 16. a4 Bf5 17. Qd2 Ne6 18. Bd6 Be7 19. Bxe7 Rxe7 20. Nf4 Rae8 21. Nxe6 Rxe6 22. Rxe6 Qxe6 23. b5 h5 24. h4 Bh3 25. Qf4 Bxg2 26. Kxg2 Ng4 27. bxc6 bxc6 28. Rb1 Qc8 29. Ne2 f6 30. Nc3 Kh7 31. Rb2 Qa6 32. Rb8 Rxb8 33. Qxb8 Qd3 34. Qb1 Qxb1 35. Nxb1 g5 36. Nd2 gxh4 37. gxh4 Nh6 38. Nb3 Nf5 39. Kf3 Nxh4+ 40. Kf4 Kg7 41. Na5 Ng6+ 42. Kf5 h4 43. Kg4 Ne7 44. Kxh4 Nf5+ 45. Kg4 Nxd4 46. Kf4 Kf7 47. Ke3 Nf5+ 48. Kf4 Ne7 49. Nb3 Kg6 50. Nd4 Kh5 51. Ne6 Kh4 52. Nf8 Kh3 53. Nd7 Kg2 54. Nxf6 Kxf2 55. Ke5 Ke3 56. Kd6 d4 57. Ng4+ Kf3 58. Ne5+ Ke4 59. Nc4 d3 60. Kxe7 Kd5 61. Nb2 d2 62. Kf6 a5 63. Nd1 Kxc5 64. Ke5 Kb4 65. Kd4 Kxa4 66. Kc3 c5 67. Nb2+ 1/2-1/2

[Event "37th European Chess Club Cup"]
[Site "Mayrhofen AUT"]
[Date "2022.10.03"]
[Round "1.4"]
[White "Arjun Erigaisi"]
[Black "Dennes Abel"]
[Result "1-0"]
[EventDate "2022.10.03"]
[WhiteElo "2728"]
[BlackElo "2416"]
[PlyCount "86"]

1. e4 c6 2. d4 d5 3. e5 Bf5 4. h4 h6 5. g4 Be4 6. f3 Bh7 7. e6 Nf6 8. Bd3 Qd6 9. exf7+ Kxf7 10. Ne2 Nbd7 11. Nbc3 e5 12. dxe5 Nxe5 13. O-O Re8 14. Bxh7 Rxh7 15. Kg2 g6 16. Ng3 Kg8 17. Nce2 h5 18. g5 Nfd7 19. f4 Ng4 20. f5 Rhe7 21. Bf4 Nde5 22. f6 Rd7 23. c3 c5 24. Kg1 Qc6 25. Bxe5 Nxe5 26. Nf4 c4 27. Nge2 Bc5+ 28. Nd4 Qd6 29. Qd2 Bxd4+ 30. cxd4 Nd3 31. Nxd3 cxd3 32. Qxd3 Re4 33. Rf2 Kf7 34. Rc1 Qe6 35. Qf3 Rxh4 36. Re2 Rg4+ 37. Kf2 Qd6 38. Re5 Qb4 39. Re7+ Rxe7 40. fxe7+ Kxe7 41. Qf6+ Kd7 42. Qf7+ Kd8 43. Qc7+ 1-0

[Event "Chess.com Global Championship"]
[Site "chess.com INT"]
[Date "2022.09.28"]
[Round "2.1"]
[White "T Radjabov"]
[Black "Arjun Erigaisi"]
[Result "1/2-1/2"]
[EventDate "2022.09.14"]
[WhiteElo "2747"]
[BlackElo "2725"]
[PlyCount "54"]

1. d4 Nf6 2. c4 e6 3. Nf3 d5 4. Nc3 Bb4 5. Bg5 h6 6. Bxf6 Qxf6 7. e3 O-O 8. a3 Bxc3+ 9. bxc3 c5 10. g4 cxd4 11. cxd4 dxc4 12. g5 hxg5 13. Rg1 Nd7 14. Bxc4 Qh6 15. Rxg5 b6 16. d5 Nc5 17. Qd4 Bb7 18. Ke2 exd5 19. Rxg7+ Qxg7 20. Rg1 Qxg1 21. Nxg1 dxc4 22. Qg4+ Kh8 23. Qh5+ Kg7 24. Qg5+ Kh7 25. Qh5+ Kg7 26. Qg5+ Kh7 27. Qh5+ Kg7 1/2-1/2

[Event "Chess.com Global Championship"]
[Site "chess.com INT"]
[Date "2022.09.28"]
[Round "2.2"]
[White "Arjun Erigaisi"]
[Black "T Radjabov"]
[Result "0-1"]
[EventDate "2022.09.14"]
[WhiteElo "2725"]
[BlackElo "2747"]
[PlyCount "118"]

1. e4 e5 2. Nf3 Nc6 3. Bb5 Nf6 4. O-O Nxe4 5. d4 Nd6 6. dxe5 Nxb5 7. a4 Nbd4 8. Nxd4 Nxd4 9. Qxd4 d5 10. Nc3 c6 11. a5 Be7 12. b4 O-O 13. Ne2 Bf5 14. c3 b6 15. axb6 axb6 16. Rxa8 Qxa8 17. Qxb6 c5 18. Nf4 cxb4 19. cxb4 Rb8 20. Qc7 Bxb4 21. Be3 Rc8 22. Qb6 Bc3 23. Qb5 d4 24. Bc1 Qc6 25. Qxc6 Rxc6 26. Nd5 Re6 27. f4 Be4 28. Nxc3 dxc3 29. Re1 Bf5 30. Re3 Rc6 31. Kf2 h5 32. Re2 Ra6 33. Ke3 Ra4 34. h3 h4 35. Re1 Kh7 36. Kf3 Ra1 37. Bd2 Ra3 38. Be3 Kg6 39. Rc1 c2 40. Ke2 Be4 41. Bc5 Rb3 42. Bf2 Kh5 43. Kd2 Bxg2 44. Rxc2 Bxh3 45. Rc7 Be6 46. f5 Bxf5 47. Rxf7 Kg6 48. Rf8 h3 49. Rh8 Bg4 50. Be3 Kf5 51. Bd4 g6 52. Rh6 Bh5 53. Bg1 Kxe5 54. Rh8 Rb2+ 55. Kd3 h2 56. Bd4+ Ke6 57. Re8+ Kd7 58. Re1 Ra2 59. Be5 Re2 0-1

[Event "Chess.com Global Championship"]
[Site "chess.com INT"]
[Date "2022.09.28"]
[Round "2.3"]
[White "T Radjabov"]
[Black "Arjun Erigaisi"]
[Result "1/2-1/2"]
[EventDate "2022.09.14"]
[WhiteElo "2747"]
[BlackElo "2725"]
[PlyCount "144"]

1. d4 Nf6 2. c4 e6 3. Nf3 d5 4. Nc3 c5 5. cxd5 Nxd5 6. e3 cxd4 7. exd4 Nxc3 8. bxc3 Qc7 9. Bd2 Nd7 10. Bd3 b6 11. O-O Bb7 12. Re1 Bd6 13. h3 O-O 14. c4 Bf4 15. Bc3 Rad8 16. Qe2 Rfe8 17. a4 Qc8 18. Bb2 h6 19. a5 Bb8 20. axb6 axb6 21. Rac1 Bf4 22. Rcd1 Bd6 23. Rc1 Bf4 24. Rcd1 Nf6 25. Ne5 Qc7 26. Bb1 Rc8 27. Qd3 h5 28. d5 exd5 29. Qf5 Bh6 30. cxd5 Qd6 31. Nc6 Kf8 32. Be5 Rxe5 33. Nxe5 Re8 34. Nc4 Rxe1+ 35. Rxe1 Qxd5 36. Qxd5 Bxd5 37. Nxb6 Be6 38. Re2 Bf4 39. Ba2 Bf5 40. Nc4 Nd7 41. Ne3 Bd3 42. Rd2 Ne5 43. Rb2 Bxe3 44. fxe3 Ke7 45. Kf2 Be4 46. Kg3 g5 47. h4 gxh4+ 48. Kxh4 Bg6 49. Bb1 Kf6 50. Rb6+ Kg7 51. Rb5 Kf6 52. Rb6+ Kg7 53. Bxg6 fxg6 54. Kg5 Nf7+ 55. Kf4 Nh6 56. e4 Ng4 57. Kg5 Ne5 58. Rb7+ Nf7+ 59. Rxf7+ Kxf7 60. e5 Kg7 61. e6 h4 62. e7 Kf7 63. e8=Q+ Kxe8 64. Kxg6 Kf8 65. Kg5 h3 66. gxh3 Kg8 67. h4 Kh8 68. h5 Kh7 69. h6 Kh8 70. Kg6 Kg8 71. h7+ Kh8 72. Kh6 1/2-1/2

[Event "Chess.com Global Championship"]
[Site "chess.com INT"]
[Date "2022.09.28"]
[Round "2.4"]
[White "Arjun Erigaisi"]
[Black "T Radjabov"]
[Result "1-0"]
[EventDate "2022.09.14"]
[WhiteElo "2725"]
[BlackElo "2747"]
[PlyCount "100"]

1. d4 Nf6 2. c4 e6 3. Nc3 d5 4. cxd5 exd5 5. Bg5 Be7 6. e3 Nbd7 7. Bd3 c6 8. Nge2 O-O 9. Qc2 Re8 10. f3 Nf8 11. O-O-O b5 12. g4 Qa5 13. h4 b4 14. Na4 c5 15. Nxc5 Qxa2 16. Kd2 Qa5 17. Ra1 Qb6 18. Rhc1 h6 19. Bf4 Ne6 20. Nxe6 Bxe6 21. Bc7 b3 22. Bxb6 bxc2 23. Bxa7 Bb4+ 24. Kxc2 Rec8+ 25. Bc5 Rxa1 26. Rxa1 Nd7 27. Bf5 Nxc5 28. dxc5 Bxc5 29. Kd3 Rb8 30. Rc1 Bxf5+ 31. gxf5 Be7 32. h5 Bf6 33. Nc3 Rd8 34. b4 d4 35. Ne4 dxe3+ 36. Kxe3 Bd4+ 37. Ke2 Rb8 38. Rc4 Bg1 39. Kd3 Kf8 40. f6 gxf6 41. Nxf6 Kg7 42. Nd7 Rb5 43. Rg4+ Rg5 44. Rxg5+ hxg5 45. Ke4 Kh6 46. Nf6 g4 47. fxg4 Kg5 48. Nd7 Kxg4 49. h6 f5+ 50. Kd5 1-0

[Event "Chess.com Global Championship"]
[Site "chess.com INT"]
[Date "2022.09.28"]
[Round "2.5"]
[White "T Radjabov"]
[Black "Arjun Erigaisi"]
[Result "1-0"]
[EventDate "2022.09.14"]
[WhiteElo "2747"]
[BlackElo "2725"]
[PlyCount "94"]

1. d4 Nf6 2. c4 e6 3. Nf3 d5 4. Nc3 Bb4 5. cxd5 exd5 6. Bf4 O-O 7. Rc1 Bf5 8. a3 Bxc3+ 9. Rxc3 c6 10. e3 Ne4 11. Rb3 Nd7 12. Be2 c5 13. O-O c4 14. Rxb7 Nb6 15. Ne5 Qc8 16. Re7 c3 17. bxc3 Nxc3 18. Qd2 f6 19. Bf3 fxe5 20. Bxe5 Rf7 21. Rxf7 Kxf7 22. Rc1 Nba4 23. Bxd5+ Be6 24. Bf3 Bg4 25. Bxa8 Ne2+ 26. Qxe2 Qxc1+ 27. Qf1 Qc2 28. Bd5+ Ke7 29. f3 Nc3 30. Qc4 Qc1+ 31. Kf2 Nd1+ 32. Ke2 Qxc4+ 33. Bxc4 Nb2 34. Bb3 Bd7 35. d5 Bb5+ 36. Kd2 Nc4+ 37. Bxc4 Bxc4 38. e4 Bf1 39. g3 g6 40. Ke3 a6 41. Bc3 Kd6 42. Bb4+ Kd7 43. e5 Bh3 44. e6+ Kc7 45. Kd4 Bg2 46. d6+ Kc6 47. d7 1-0

[Event "Julius Baer Generation Cup"]
[Site "chess24.com INT"]
[Date "2022.09.24"]
[Round "3.13"]
[White "Magnus Carlsen"]
[Black "Arjun Erigaisi"]
[Result "1/2-1/2"]
[EventDate "2022.09.22"]
[WhiteElo "2861"]
[BlackElo "2725"]
[PlyCount "114"]

1. e4 c5 2. c3 d5 3. exd5 Qxd5 4. d4 Nf6 5. Nf3 e6 6. Na3 Qd8 7. Nc4 Nc6 8. Nce5 cxd4 9. Nxc6 bxc6 10. Qxd4 Qb6 11. Qxb6 axb6 12. Ne5 Bb7 13. Be2 Bd6 14. Bf4 Ra5 15. Nd3 Bxf4 16. Nxf4 c5 17. O-O Ke7 18. Rfd1 Ra4 19. Nd3 Rd8 20. a3 Ba6 21. Bf1 Bb7 22. Ne5 Rd5 23. Nc4 Nd7 24. b3 Ra7 25. a4 Rxd1 26. Rxd1 Bd5 27. h4 h6 28. f3 Rb7 29. Ra1 Nb8 30. Rb1 Kd8 31. b4 Kc7 32. bxc5 bxc5 33. Rxb7+ Bxb7 34. Ne5 f6 35. Ng6 Bc6 36. a5 Be8 37. Nf4 Bd7 38. Nh5 Nc6 39. a6 Kb6 40. Nxg7 Ne5 41. Nh5 f5 42. Nf4 c4 43. Kf2 Kxa6 44. Be2 Kb5 45. g4 fxg4 46. fxg4 Ka4 47. g5 hxg5 48. hxg5 Kb3 49. g6 Nxg6 50. Nxg6 Kxc3 51. Ne5 Bb5 52. Ke3 Kb4 53. Bxc4 Bxc4 54. Nxc4 Kxc4 55. Ke4 Kc5 56. Ke5 Kc4 57. Kxe6 1/2-1/2

[Event "Julius Baer Generation Cup"]
[Site "chess24.com INT"]
[Date "2022.09.23"]
[Round "2.11"]
[White "Quang Liem Le"]
[Black "Arjun Erigaisi"]
[Result "1/2-1/2"]
[EventDate "2022.09.22"]
[WhiteElo "2728"]
[BlackElo "2725"]
[PlyCount "70"]

1. d4 Nf6 2. c4 e6 3. Nf3 d5 4. g3 Be7 5. Bg2 O-O 6. O-O dxc4 7. Na3 Bxa3 8. bxa3 Bd7 9. Ne5 Bc6 10. Nxc6 Nxc6 11. Bb2 Nd5 12. a4 Qd6 13. Qc1 Rfd8 14. Qxc4 Nb6 15. Qc2 Nxd4 16. Bxd4 Qxd4 17. Bxb7 Rab8 18. Bc6 Nc4 19. Bb5 Na3 20. Qxc7 Nxb5 21. axb5 Rxb5 22. a4 Rbd5 23. e3 Qc5 24. Rac1 Qxc7 25. Rxc7 Ra5 26. Rb1 Rxa4 27. Rbb7 Rf8 28. Rxa7 Rxa7 29. Rxa7 g6 30. h4 h5 31. Kg2 Kg7 32. Kg1 Kg8 33. Kg2 Kg7 34. Kg1 Kg8 35. Kg2 1/2-1/2

[Event "Julius Baer Generation Cup"]
[Site "chess24.com INT"]
[Date "2022.09.23"]
[Round "2.12"]
[White "Arjun Erigaisi"]
[Black "Quang Liem Le"]
[Result "1-0"]
[EventDate "2022.09.22"]
[WhiteElo "2725"]
[BlackElo "2728"]
[PlyCount "82"]

1. e4 e5 2. Nf3 Nc6 3. Bc4 Bc5 4. c3 Nf6 5. d3 d6 6. O-O O-O 7. Bg5 h6 8. Bh4 a5 9. Re1 Ba7 10. Nbd2 g5 11. Bg3 Nh7 12. d4 h5 13. h3 h4 14. Bh2 g4 15. hxg4 Bxg4 16. Be2 Qf6 17. Nc4 exd4 18. e5 dxe5 19. Ncxe5 Bxf3 20. Bxf3 dxc3 21. Nd7 Qf5 22. Be4 Qxf2+ 23. Kh1 Nf6 24. Bxc6 bxc6 25. Rf1 c2 26. Qc1 Qxf1+ 27. Qxf1 Nxd7 28. Qf5 Rfe8 29. Qxd7 Rad8 30. Qg4+ Kf8 31. Bf4 Be3 32. Bxe3 Rxe3 33. Rf1 h3 34. Qh5 hxg2+ 35. Kxg2 Rd2+ 36. Kh1 Ke8 37. Qxf7+ Kd8 38. Qg8+ Kd7 39. Rf7+ Re7 40. Rxe7+ Kd6 41. Qd8+ 1-0

[Event "Julius Baer Generation Cup"]
[Site "chess24.com INT"]
[Date "2022.09.23"]
[Round "2.13"]
[White "Quang Liem Le"]
[Black "Arjun Erigaisi"]
[Result "1/2-1/2"]
[EventDate "2022.09.22"]
[WhiteElo "2728"]
[BlackElo "2725"]
[PlyCount "114"]

1. d4 Nf6 2. c4 e6 3. Nf3 d5 4. g3 dxc4 5. Bg2 a6 6. O-O Nc6 7. Be3 Rb8 8. Qc1 b5 9. b3 Nd5 10. bxc4 Nxe3 11. Qxe3 bxc4 12. Rc1 Be7 13. Nbd2 O-O 14. Nxc4 Bb7 15. a3 Bf6 16. Rd1 Ne7 17. Rac1 Nf5 18. Qd3 Bxf3 19. Qxf3 Nxd4 20. Qg4 Rb5 21. Kf1 h5 22. Qe4 Rd5 23. Qd3 Nf3 24. Qc2 Rxd1+ 25. Rxd1 Nd4 26. Qa4 Qb8 27. Qxa6 Qb3 28. Ne3 Nf5 29. Rd3 Nxe3+ 30. fxe3 Qb2 31. a4 Qc1+ 32. Kf2 c5 33. a5 c4 34. Rd7 Bc3 35. Bf3 Be1+ 36. Kg2 c3 37. Rc7 c2 38. Qd3 Qa1 39. Qxc2 Qxa5 40. Rc5 Qa3 41. Qc1 Qxc1 42. Rxc1 Bd2 43. Ra1 g6 44. Ra8 Rxa8 45. Bxa8 Bxe3 46. Kf3 Bc5 47. e4 Kg7 48. h3 Kf6 49. Bc6 g5 50. g4 h4 51. Ba4 Ke5 52. Be8 f6 53. Bd7 Bd4 54. Bc8 Bc5 55. Bd7 Bd4 56. Bc8 Bc5 57. Bd7 1/2-1/2